[Event "Aachener SV 1 - SV Mülheim-Nord 2"]
[Site "Oberliga NRW 2010/2011"]
[Date "2010.09.26"]
[Round "1.1"]
[White "Litwak, Aleksej"]
[Black "Koch, Thomas"]
[Result "1/2-1/2"]
[WhiteElo "2294"]
[BlackElo "2400"]
[Annotator ",Daniel"]
[PlyCount "104"]
[EventDate "2010.??.??"]

1. e4 c5 2. Nf3 d6 3. d4 cxd4 4. Nxd4 Nf6 5. Nc3 a6 6. Be2 e6 7. O-O Be7 8. a4
Nc6 9. Be3 O-O 10. Kh1 e5 11. Nb3 Be6 12. f4 exf4 13. Bxf4 d5 14. exd5 Nxd5 15.
Nxd5 Qxd5 16. Qxd5 Bxd5 17. Rad1 Be6 18. Bf3 Rac8 19. Bd6 Bxd6 20. Rxd6 Bxb3
21. cxb3 Rfd8 22. Rfd1 Rxd6 23. Rxd6 Rd8 24. Rxd8+ Nxd8 25. b4 Kf8 26. a5 Nc6
27. b5 Nxa5 28. bxa6 bxa6 29. Be2 Ke7 30. Bxa6 Kd6 31. Bd3 h6 32. g4 Kc5 33. h4
Kd4 34. Bb1 f6 35. Kg2 g5 36. Ba2 Nc6 37. hxg5 hxg5 38. Be6 Ne5 39. b3 Ke3 40.
Kg3 Nd3 41. Bf5 Nc5 42. b4 Na4 43. b5 Nb6 44. Be6 Ke4 45. Bf5+ Kd5 46. Bd3 $11
Kd4 47. Bf1 Nc8 48. Kf3 Nd6 49. Be2 Kd5 50. Ke3 Nf7 51. Bf1 Ne5 52. Be2 Nf7
1/2-1/2

[Event "Aachener SV 1 - SV Mülheim-Nord 2"]
[Site "Oberliga NRW 2010/2011"]
[Date "2010.09.26"]
[Round "1.2"]
[White "Sonntag, Hans-Hubert"]
[Black "Kaufeld, Juergen"]
[Result "1/2-1/2"]
[WhiteElo "2362"]
[BlackElo "2249"]
[PlyCount "44"]
[EventDate "2010.??.??"]

1. e4 c5 2. Nf3 d6 3. d4 cxd4 4. Nxd4 Nf6 5. f3 Nc6 6. c4 Nxd4 7. Qxd4 g6 8.
Nc3 Bg7 9. Be3 O-O 10. Qd2 a5 11. Be2 a4 12. O-O Qa5 13. Rab1 Be6 14. Rfd1 Rfc8
15. Nd5 Nxd5 16. cxd5 Qxd2 17. Rxd2 Bd7 18. Kf2 Rc7 19. Bb6 Rcc8 20. Bd4 Rc7
21. Bb6 Rcc8 22. Bd4 Rc7 1/2-1/2

[Event "Aachener SV 1 - SV Mülheim-Nord 2"]
[Site "Oberliga NRW 2010/2011"]
[Date "2010.09.26"]
[Round "1.3"]
[White "Hausrath, Daniel"]
[Black "Coenen, Norbert"]
[Result "1-0"]
[WhiteElo "2488"]
[BlackElo "2334"]
[PlyCount "57"]
[EventDate "2010.??.??"]

1. Nf3 c5 2. g3 Nf6 3. Bg2 Nc6 4. O-O d5 5. d4 e6 6. c4 dxc4 7. dxc5 Qxd1 8.
Rxd1 Bxc5 9. Nbd2 c3 10. bxc3 Bd7 11. Rb1 O-O-O 12. Ng5 Be8 13. Bb2 h6 14. Ngf3
Na5 15. c4 Ba4 16. Rdc1 Rd7 17. Nb3 Bxb3 18. axb3 Nxb3 19. Rf1 Na5 20. Ne5 Rc7
21. Bc3 Bb6 22. c5 Rxc5 23. Nxf7 Rf8 24. Nd6+ Kb8 25. Bb4 Rh5 26. Nxb7 Nxb7 27.
Bxf8 Ng4 28. Bxg7 Bxf2+ 29. Rxf2 1-0

[Event "Aachener SV 1 - SV Mülheim-Nord 2"]
[Site "Oberliga NRW 2010/2011"]
[Date "2010.09.26"]
[Round "1.4"]
[White "Klein, Felix"]
[Black "Caessens, Rob"]
[Result "1/2-1/2"]
[WhiteElo "2261"]
[BlackElo "2241"]
[PlyCount "84"]
[EventDate "2010.??.??"]

1. e4 d6 2. d4 Nf6 3. Nc3 g6 4. Be3 c6 5. Nf3 Bg7 6. h3 O-O 7. Bd3 Qc7 8. Ne2
b6 9. O-O Nbd7 10. c3 Bb7 11. Ng3 Rfe8 12. Qd2 e5 13. Bh6 c5 14. Bxg7 Kxg7 15.
Rfe1 h6 16. d5 Kh7 17. Nh2 Rf8 18. Ng4 Nxg4 19. hxg4 Qd8 20. Bb5 Rc8 21. Bxd7
Qxd7 22. f3 Qe7 23. Kf2 Qg5 24. Qxg5 hxg5 25. Ke3 Kg7 26. c4 Rb8 27. Kd3 Bc8
28. a4 Bd7 29. Rh1 Rh8 30. b3 a5 31. Ke3 Rxh1 32. Rxh1 Rh8 33. Rxh8 Kxh8 34.
Kf2 Kg7 35. Ke2 Kf8 36. Kd2 Ke7 37. Kc2 Bc8 38. Kc3 Bd7 39. Kd3 Bc8 40. Ke3 Bd7
41. Ke2 Bc8 42. Ke3 Bd7 1/2-1/2

[Event "Aachener SV 1 - SV Mülheim-Nord 2"]
[Site "Oberliga NRW 2010/2011"]
[Date "2010.09.26"]
[Round "1.5"]
[White "Bus, Tomas"]
[Black "Begnis, Nikolaos"]
[Result "1-0"]
[WhiteElo "2154"]
[BlackElo "2252"]
[PlyCount "57"]
[EventDate "2010.??.??"]

1. c4 e5 2. g3 Nf6 3. Bg2 c6 4. d4 exd4 5. Qxd4 d5 6. cxd5 cxd5 7. Nf3 Nc6 8.
Qa4 Bc5 9. O-O O-O 10. Bg5 h6 11. Bxf6 Qxf6 12. Nc3 Be6 13. Rad1 Rfd8 14. Ne1
Bd4 15. Rc1 Bxc3 16. bxc3 a6 17. Nd3 Rac8 18. Rfd1 d4 19. cxd4 Nxd4 20. Rxc8
Bxc8 21. Rd2 Nb5 22. h4 Nc3 23. Qc2 Bf5 24. Bf3 b5 25. Kg2 Qd4 26. Qb3 Be4 27.
Bxe4 Qxe4+ 28. f3 Qc4 29. Ne5 1-0

[Event "Aachener SV 1 - SV Mülheim-Nord 2"]
[Site "Oberliga NRW 2010/2011"]
[Date "2010.09.26"]
[Round "1.6"]
[White "Frombach, Ralf"]
[Black "Wittenberg, Andreas"]
[Result "1-0"]
[WhiteElo "2184"]
[BlackElo "2174"]
[PlyCount "59"]
[EventDate "2010.??.??"]

1. d4 e6 2. c4 Bb4+ 3. Nd2 Nf6 4. a3 Be7 5. e4 d6 6. Bd3 e5 7. Ne2 O-O 8. O-O
a5 9. b3 Re8 10. Bb2 Bg4 11. Qc2 Bf8 12. f3 Bh5 13. d5 Nbd7 14. b4 c6 15. Bc3
axb4 16. axb4 Qc7 17. Nb3 Bg6 18. Na5 Rec8 19. Ra2 Nh5 20. g3 Be7 21. Kg2 Nhf6
22. Rfa1 Nb6 23. Qb3 cxd5 24. cxd5 Nfxd5 25. Bd2 Nf6 26. Be3 Bd8 27. Bxb6 Qxb6
28. Nc4 Rxc4 29. Rxa8 Rc6 30. Bb5 1-0

[Event "Aachener SV 1 - SV Mülheim-Nord 2"]
[Site "Oberliga NRW 2010/2011"]
[Date "2010.09.26"]
[Round "1.7"]
[White "Nachbar, Benjamin"]
[Black "Dischinger, Frank"]
[Result "1-0"]
[WhiteElo "2015"]
[BlackElo "2114"]
[PlyCount "69"]
[EventDate "2010.??.??"]

1. d4 d5 2. c4 e6 3. Nc3 Nf6 4. Bg5 Be7 5. e3 h6 6. Bh4 O-O 7. Nf3 b6 8. g4 g5
9. Bg3 Nxg4 10. h4 f5 11. hxg5 hxg5 12. Ne5 Nf6 13. Ng6 Ba6 14. Nxf8 Bxf8 15.
cxd5 Bxf1 16. Kxf1 Nxd5 17. Qh5 Bg7 18. Be5 Nf6 19. Qxg5 Nbd7 20. Rg1 Ne8 21.
Bxg7 Qxg5 22. Rxg5 Nxg7 23. Ke2 Kf7 24. Rag1 Ne8 25. d5 Ndf6 26. dxe6+ Kxe6 27.
Rh1 Nd6 28. Rg7 Nde8 29. Rh8 a6 30. Kf3 b5 31. Ne2 c5 32. Nf4+ Kd6 33. Rf7 Ke5
34. Re7+ Kd6 35. Re6+ 1-0

[Event "Aachener SV 1 - SV Mülheim-Nord 2"]
[Site "Oberliga NRW 2010/2011"]
[Date "2010.09.26"]
[Round "1.8"]
[White "Titgemeyer, Sven"]
[Black "Winkels, Marcel"]
[Result "1/2-1/2"]
[WhiteElo "1981"]
[BlackElo "2029"]
[PlyCount "83"]
[EventDate "2010.??.??"]

1. e4 c5 2. Nf3 Nc6 3. d4 cxd4 4. Nxd4 Nf6 5. Nc3 e5 6. Ndb5 d6 7. Bg5 a6 8.
Na3 b5 9. Nd5 Be7 10. Bxf6 Bxf6 11. c3 O-O 12. Nc2 Bg5 13. a4 bxa4 14. Rxa4 a5
15. Bc4 Rb8 16. b3 Kh8 17. Nce3 g6 18. O-O Bd7 19. Kh1 Bh6 20. f4 exf4 21. Nxf4
Ne5 22. Ra2 Nxc4 23. Nxc4 Bb5 24. Rd2 Qc7 25. Nd5 Qc5 26. Rd4 Bg7 27. Nf6 a4
28. Rd5 Qc7 29. Rxb5 Rxb5 30. bxa4 Rc5 31. Nxd6 Rxc3 32. Nb5 Qc4 33. Nxc3 Bxf6
34. Rxf6 Qxc3 35. Rf1 Qc4 36. e5 Ra8 37. h3 Rxa4 38. Qd8+ Kg7 39. Qf6+ Kg8 40.
Rd1 Ra8 41. Rd7 Re8 42. Rd8 1/2-1/2

[Event "SF Katernberg 2- PSV Duisburg 1"]
[Site "?"]
[Date "2010.09.26"]
[Round "1.1"]
[White "Wengenroth, Walter"]
[Black "Scholz, Christian"]
[Result "0-1"]
[WhiteElo "2298"]
[BlackElo "2359"]
[PlyCount "78"]
[EventDate "2010.??.??"]

1. e4 c5 2. Nf3 d6 3. d4 cxd4 4. Nxd4 Nf6 5. Nc3 a6 6. a4 e5 7. Nf3 Qc7 8. Bg5
Nbd7 9. Nd2 h6 10. Bh4 Be7 11. Bc4 Nb6 12. Bb3 g5 13. a5 gxh4 14. axb6 Qxb6 15.
Nc4 Qc5 16. Ne3 Rg8 17. Qf3 Bg4 18. Nxg4 Rxg4 19. O-O Rg7 20. Nd5 Nxd5 21. Bxd5
Rb8 22. Ra3 Qc8 23. h3 Bd8 24. Qh5 Bg5 25. Rf3 Qd7 26. Rf5 Kf8 27. Rd1 f6 28.
Rd3 Ke7 29. f4 Bxf4 30. Qxh4 Rg5 31. Rxf4 exf4 32. Qxh6 Re8 33. Rf3 Qc7 34.
Rxf4 Qc5+ 35. Kh2 Qd4 36. Rf3 Qe5+ 37. Kh1 Qxb2 38. Bb3 Qc1+ 39. Kh2 Rxg2+ 0-1

[Event "SF Katernberg 2- PSV Duisburg 1"]
[Site "?"]
[Date "2010.09.26"]
[Round "1.2"]
[White "Villwock, Martin"]
[Black "Fleck, Juergen"]
[Result "0-1"]
[WhiteElo "2139"]
[BlackElo "2358"]
[PlyCount "64"]
[EventDate "2010.??.??"]

1. d4 d5 2. c4 c6 3. Nf3 Nf6 4. Nc3 e6 5. Bg5 dxc4 6. e4 b5 7. e5 h6 8. Bh4 g5
9. Nxg5 hxg5 10. Bxg5 Nbd7 11. g3 Bb7 12. Bg2 Qb6 13. exf6 O-O-O 14. O-O c5 15.
d5 b4 16. Rb1 Qa6 17. dxe6 Bxg2 18. e7 Bxf1 19. Qxf1 Qc6 20. Qe2 Re8 21. Ne4
Bxe7 22. fxe7 f6 23. Bh4 Rxe7 24. f3 Rxh4 25. gxh4 f5 26. Qxc4 fxe4 27. Qg8+
Kb7 28. Re1 Ne5 29. Qf8 Nxf3+ 30. Kf2 Qd6 31. Rxe4 Qxh2+ 32. Kxf3 Qh1+ 0-1

[Event "SF Katernberg 2- PSV Duisburg 1"]
[Site "?"]
[Date "2010.09.26"]
[Round "1.3"]
[White "Kistella, Roman"]
[Black "Gassmann, Volker"]
[Result "1/2-1/2"]
[WhiteElo "2286"]
[BlackElo "2183"]
[PlyCount "84"]
[EventDate "2010.??.??"]

1. d4 Nf6 2. c4 e6 3. Nc3 Bb4 4. e3 c5 5. Bd3 Nc6 6. Nf3 Bxc3+ 7. bxc3 d6 8. e4
e5 9. d5 Ne7 10. Nd2 Qa5 11. Qc2 Ng6 12. g3 Bh3 13. a4 h6 14. f3 Qc7 15. a5 Rb8
16. Nf1 Bxf1 17. Rxf1 O-O 18. Be3 b6 19. Kf2 bxa5 20. Ra2 Rb7 21. Rfa1 Rfb8 22.
Bc1 Qd7 23. Rxa5 Nh7 24. Bf1 Ne7 25. Bg2 g5 26. Qa4 Qxa4 27. R5xa4 Nc8 28. Bh3
Nb6 29. Rxa7 Rxa7 30. Rxa7 Nxc4 31. Ra1 Rb3 32. Bf5 Rxc3 33. h4 Rc2+ 34. Kg1
Nd2 35. Bxd2 Rxd2 36. h5 Nf6 37. g4 Kg7 38. Ra7 Kf8 39. Kf1 Rb2 40. Ra8+ Ke7
41. Ra7+ Kf8 42. Ra8+ Ke7 1/2-1/2

[Event "SF Katernberg 2- PSV Duisburg 1"]
[Site "?"]
[Date "2010.09.26"]
[Round "1.4"]
[White "Wessendorf, Thomas"]
[Black "Schmitz, Joachim"]
[Result "1-0"]
[WhiteElo "2223"]
[BlackElo "2278"]
[PlyCount "63"]
[EventDate "2010.??.??"]

1. e4 c5 2. Nf3 Nc6 3. Bb5 g6 4. Bxc6 dxc6 5. d3 Bg7 6. h3 e5 7. Be3 b6 8. a4
a5 9. Na3 Ne7 10. Nc4 Qc7 11. Qd2 h6 12. Qc3 f6 13. g4 Be6 14. Nh4 Bf7 15. Ng2
g5 16. h4 Ng6 17. f3 Nf8 18. Qd2 Ne6 19. Qf2 O-O 20. Bd2 b5 21. Nce3 Nd4 22.
Bc3 Qd6 23. Nf5 Nxf5 24. gxf5 b4 25. Bd2 c4 26. dxc4 Bxc4 27. Ne3 Bf7 28. hxg5
hxg5 29. Ng4 Rfd8 30. Be3 Bc4 31. Bc5 Qd7 32. Qh2 1-0

[Event "SF Katernberg 2- PSV Duisburg 1"]
[Site "?"]
[Date "2010.09.26"]
[Round "1.5"]
[White "Schiffer, Kai- Uwe"]
[Black "Bachmann, Karlheinz"]
[Result "1-0"]
[WhiteElo "2252"]
[BlackElo "2194"]
[PlyCount "50"]
[EventDate "2010.??.??"]

1. Nf3 d5 2. c4 e6 3. g3 Nf6 4. b3 Be7 5. Bg2 O-O 6. O-O c5 7. Bb2 Nc6 8. e3 b6
9. Qe2 Bb7 10. Rd1 Qc7 11. Nc3 Rad8 12. cxd5 exd5 13. d4 Rfe8 14. Rac1 cxd4 15.
Nb5 Qb8 16. Nbxd4 Nxd4 17. Nxd4 Bd6 18. Nc6 Bxc6 19. Bxf6 Rc8 20. Qg4 Bf8 21.
Bb2 Qb7 22. Qd4 Qa6 23. a4 Qa5 24. Bh3 Rc7 25. Qf4 Rec8 {Zeitueberschreitung}
1-0

[Event "SF Katernberg 2- PSV Duisburg 1"]
[Site "?"]
[Date "2010.09.26"]
[Round "1.6"]
[White "Rosen, Willy"]
[Black "Wessels, Marco"]
[Result "1/2-1/2"]
[WhiteElo "2160"]
[BlackElo "2133"]
[PlyCount "44"]
[EventDate "2010.??.??"]

1. e4 c5 2. Nf3 Nc6 3. d4 cxd4 4. Nxd4 Nf6 5. Nc3 d6 6. f3 e5 7. Nb3 Be7 8. Be3
O-O 9. Qd2 a5 10. a3 Be6 11. Nd5 Bxd5 12. exd5 Nb8 13. Bb5 Nbd7 14. O-O Qc7 15.
c4 Rfc8 16. Qf2 Bd8 17. Nd2 Nc5 18. Bxc5 dxc5 19. Rae1 Be7 20. Qe2 Bd6 21. Ne4
Nxe4 22. Qxe4 Rf8 1/2-1/2

[Event "SF Katernberg 2- PSV Duisburg 1"]
[Site "?"]
[Date "2010.09.26"]
[Round "1.7"]
[White "Werner, Knud"]
[Black "Krueger, Erich"]
[Result "0-1"]
[WhiteElo "2136"]
[BlackElo "2072"]
[PlyCount "38"]
[EventDate "2010.??.??"]

1. d4 Nf6 2. Nf3 g6 3. Bf4 d6 4. e3 Bg7 5. h3 O-O 6. Be2 c5 7. c3 Nc6 8. Nbd2
cxd4 9. exd4 e5 10. dxe5 dxe5 11. Nxe5 Nd5 12. Nxc6 bxc6 13. Bg3 Re8 14. O-O
Bxc3 15. Nc4 Ba6 16. bxc3 Nxc3 17. Qc2 Nxe2+ 18. Kh2 Qd4 19. Ne5 Nxg3 0-1

[Event "SF Katernberg 2- PSV Duisburg 1"]
[Site "?"]
[Date "2010.09.26"]
[Round "1.8"]
[White "Stratmann, Holger"]
[Black "Montignies, Rainer"]
[Result "0-1"]
[WhiteElo "1987"]
[BlackElo "2224"]
[PlyCount "96"]
[EventDate "2010.??.??"]

1. e4 e6 2. d4 d5 3. Nc3 Nf6 4. Bg5 dxe4 5. Nxe4 Nbd7 6. Nf3 h6 7. Bxf6 Nxf6 8.
Bb5+ c6 9. Bd3 Be7 10. O-O O-O 11. Ne5 c5 12. Nxc5 Bxc5 13. dxc5 Qc7 14. Re1
Qxc5 15. Qf3 Rb8 16. Rad1 b6 17. Bc4 Bb7 18. Qe2 Rbc8 19. Bb3 Be4 20. Nd7 Nxd7
21. Qxe4 Nf6 22. Qe3 b5 23. Qxc5 Rxc5 24. c3 a5 25. a3 Rb8 26. f3 Kf8 27. Kf2
Ke7 28. Ke3 Nd7 29. Re2 Re5+ 30. Kf2 Rxe2+ 31. Kxe2 Nc5 32. Bc2 b4 33. cxb4
axb4 34. axb4 Rxb4 35. Rb1 Kd6 36. Kd2 Nd7 37. Kc3 Rh4 38. h3 Nb6 39. Be4 f5
40. Bb7 Ra4 41. f4 Rxf4 42. Bf3 e5 43. Be2 Nd5+ 44. Kd2 Rf2 45. g3 Rg2 46. Rf1
Rxg3 47. Rxf5 Rxh3 48. Ke1 Nf4 0-1

[Event "SG Porz 2 - SV Wattenscheid 2"]
[Site "Oberliga NRW 2010/2011"]
[Date "2010.09.26"]
[Round "1.1"]
[White "Mladenov, Svetlin"]
[Black "Miedema, David"]
[Result "0-1"]
[WhiteElo "2384"]
[BlackElo "2409"]
[PlyCount "66"]
[EventDate "2010.??.??"]

1. e4 e5 2. Nf3 Nf6 3. d4 Nxe4 4. Bd3 Nc6 5. d5 Nc5 6. dxc6 e4 7. cxb7 Bxb7 8.
Be2 exf3 9. Bxf3 Rb8 10. O-O Be7 11. Nc3 O-O 12. Nd5 Bg5 13. c4 Ne6 14. b3 c6
15. Nc3 Bf6 16. Qd3 d5 17. Ba3 Re8 18. cxd5 cxd5 19. Rfd1 Ng5 20. Bc5 Nxf3+ 21.
Qxf3 d4 22. Qg4 d3 23. Qc4 d2 24. Rab1 Qa5 25. b4 Ba6 26. Qg4 Bxc3 27. bxa5
Rxb1 28. Be3 Rxd1+ 29. Qxd1 Rd8 30. Bxd2 Rxd2 31. Qa4 Bb5 32. Qb3 Rb2 33. Qd1
Re2 0-1

[Event "SG Porz 2 - SV Wattenscheid 2"]
[Site "Oberliga NRW 2010/2011"]
[Date "2010.09.26"]
[Round "1.2"]
[White "Korotkevych, Stanislav"]
[Black "Souleidis, Georgios"]
[Result "1-0"]
[WhiteElo "2340"]
[BlackElo "2350"]
[PlyCount "57"]
[EventDate "2010.??.??"]

1. d4 Nf6 2. Nf3 e6 3. c4 c5 4. e3 d5 5. Nc3 Nc6 6. a3 dxc4 7. Bxc4 cxd4 8.
exd4 Be7 9. O-O O-O 10. Re1 Bd7 11. Bf4 Rc8 12. d5 exd5 13. Nxd5 Nxd5 14. Bxd5
Bf6 15. Bd6 Re8 16. Qb3 Rxe1+ 17. Rxe1 Be8 18. Qxb7 Na5 19. Qxa7 h6 20. b4 Nc6
21. Qb7 Nd4 22. Nxd4 Bxd4 23. Be7 Qd7 24. Bh4 Rc3 25. h3 g5 26. Bg3 Rxg3 27.
Qb8 Kf8 28. Qxg3 Qxd5 29. Qb8 1-0

[Event "SG Porz 2 - SV Wattenscheid 2"]
[Site "Oberliga NRW 2010/2011"]
[Date "2010.09.26"]
[Round "1.3"]
[White "Tereick, Benjamin"]
[Black "Malykin, Vitaly"]
[Result "1/2-1/2"]
[WhiteElo "2372"]
[BlackElo "2307"]
[PlyCount "53"]
[EventDate "2010.??.??"]

1. c4 Nf6 2. Nc3 c6 3. e4 d5 4. e5 Ne4 5. d4 g6 6. Nf3 Bg7 7. Bd3 Nxc3 8. bxc3
O-O 9. h4 Bg4 10. h5 dxc4 11. Bxc4 c5 12. hxg6 hxg6 13. Bh6 Bxh6 14. Rxh6 Kg7
15. Rh4 Bxf3 16. Qxf3 e6 17. Qf4 Rh8 18. Rxh8 Qxh8 19. Rb1 Nd7 20. Rxb7 Qc8 21.
Qf3 cxd4 22. Bxe6 fxe6 23. Qf6+ Kh6 24. Qh4+ Kg7 25. Qf6+ Kh6 26. Qh4+ Kg7 27.
Qf6+ 1/2-1/2

[Event "SG Porz 2 - SV Wattenscheid 2"]
[Site "Oberliga NRW 2010/2011"]
[Date "2010.09.26"]
[Round "1.4"]
[White "Coenen, Michael"]
[Black "Straeter, Timo"]
[Result "0-1"]
[WhiteElo "2317"]
[BlackElo "2278"]
[PlyCount "62"]
[EventDate "2010.??.??"]

1. e4 e5 2. Nf3 Nc6 3. Bb5 a6 4. Bxc6 dxc6 5. O-O Qe7 6. d4 exd4 7. Nxd4 Bd7 8.
Nc3 O-O-O 9. Qe2 g6 10. Be3 Bg7 11. Nb3 Kb8 12. Rad1 Nf6 13. Na4 Bc8 14. Rxd8
Rxd8 15. Na5 Ng4 16. Bc5 Qe5 17. g3 Qh5 18. f3 Bd4+ 19. Bxd4 Qxa5 20. Nc3 Rxd4
21. fxg4 Be6 22. Qf2 Rd7 23. a4 Bxg4 24. Qf6 h5 25. Kg2 Be6 26. Rf2 Ka7 27. b3
Rd6 28. Qf3 g5 29. Qe3+ b6 30. Ne2 Qe1 31. Qf3 Rd1 0-1

[Event "SG Porz 2 - SV Wattenscheid 2"]
[Site "Oberliga NRW 2010/2011"]
[Date "2010.09.26"]
[Round "1.5"]
[White "Hirsch, Stefan"]
[Black "Savchenko, Aleksij"]
[Result "0-1"]
[WhiteElo "2187"]
[BlackElo "2218"]
[PlyCount "100"]
[EventDate "2010.??.??"]

1. g3 Nf6 2. Bg2 d5 3. c4 e6 4. Nf3 Be7 5. O-O O-O 6. b3 c5 7. Bb2 Nc6 8. e3
dxc4 9. bxc4 Qd3 10. Qa4 Bd7 11. Qb3 Qd6 12. d4 Na5 13. Qc3 Qa6 14. Ne5 cxd4
15. exd4 Rac8 16. Nd2 Rfd8 17. Rac1 Ba4 18. g4 Nc6 19. Ndf3 Bd6 20. Ng5 Bb4 21.
Qh3 Bd2 22. Ngxf7 Bxc1 23. Bxc1 Rxd4 24. g5 Nxe5 25. Nxe5 Nd7 26. Be3 Rcxc4 27.
Bxd4 Rxd4 28. Qc3 Qd6 29. Nf3 Rb4 30. Qc8+ Qf8 31. Qc3 Qc5 32. Qd2 Bc6 33. Re1
Bd5 34. h3 Rc4 35. g6 hxg6 36. Qg5 Nf8 37. Qd8 Rc2 38. Qh4 Rxa2 39. Ng5 Bxg2
40. Kxg2 Qd5+ 41. Kg1 b5 42. Re4 Ra1+ 43. Kh2 Qd1 44. Rg4 e5 45. Rg2 Qh1+ 46.
Kg3 Ra3+ 47. Nf3 Qd1 48. Qe4 Ne6 49. Qa8+ Kh7 50. Kg4 e4 0-1

[Event "SG Porz 2 - SV Wattenscheid 2"]
[Site "Oberliga NRW 2010/2011"]
[Date "2010.09.26"]
[Round "1.6"]
[White "Kreutzkamp, Reinhold"]
[Black "Bouaraba, Max"]
[Result "1/2-1/2"]
[WhiteElo "2241"]
[BlackElo "2156"]
[PlyCount "31"]
[EventDate "2010.??.??"]

1. e4 c5 2. c3 Nf6 3. e5 Nd5 4. Nf3 e6 5. g3 Nc6 6. Bg2 d6 7. exd6 Bxd6 8. O-O
O-O 9. d4 cxd4 10. Nxd4 Nxd4 11. Qxd4 Qc7 12. Nd2 Bd7 13. Ne4 Be5 14. Qd3 Rac8
15. Re1 Rfd8 16. Ng5 1/2-1/2

[Event "SG Porz 2 - SV Wattenscheid 2"]
[Site "Oberliga NRW 2010/2011"]
[Date "2010.09.26"]
[Round "1.7"]
[White "Lehmann, Holger"]
[Black "Gallinnis, Norbert"]
[Result "1/2-1/2"]
[WhiteElo "2128"]
[BlackElo "2223"]
[Annotator ",Daniel"]
[PlyCount "90"]
[EventDate "2010.??.??"]

1. e4 c5 2. Nc3 Nc6 3. Bb5 Nd4 4. Bc4 e6 5. f4 g6 6. Nf3 Bg7 7. O-O Ne7 8. e5
d5 9. Nxd4 cxd4 10. Bb5+ Kf8 11. Ne2 Qb6 12. Bd3 Nc6 13. b3 f6 14. exf6 Bxf6
15. Kh1 $11 Kg7 16. Qe1 Bd7 17. Qg3 Rhf8 18. Ba3 Rf7 19. Bd6 Kh8 20. Ng1 Nb4
21. Be5 Nxd3 22. cxd3 Bxe5 23. fxe5 Raf8 24. Rf6 Qc7 25. Qf2 Rxf6 26. exf6 Qe5
27. f7 Qg7 28. Rf1 e5 29. Qg3 Bf5 30. Nf3 Bxd3 31. Rc1 e4 32. Ng5 Qf6 33. Qh4
h5 34. Qg3 Bb5 35. h4 Bd7 36. Kg1 Bg4 37. Rf1 Qe7 38. Qf4 Kg7 39. Rc1 Bf5 40.
Rc7 Qf6 41. Rxb7 e3 42. dxe3 d3 43. Qb4 Qa1+ 44. Kh2 Qe5+ 45. Kh1 Qa1+ 1/2-1/2

[Event "SG Porz 2 - SV Wattenscheid 2"]
[Site "Oberliga NRW 2010/2011"]
[Date "2010.09.26"]
[Round "1.8"]
[White "Peschlow, Patrick"]
[Black "Schlange, Stefan"]
[Result "1/2-1/2"]
[WhiteElo "2280"]
[BlackElo "2120"]
[PlyCount "96"]
[EventDate "2010.??.??"]

1. e4 e5 2. Nf3 Nc6 3. Bb5 f5 4. d3 fxe4 5. dxe4 Nf6 6. O-O Bc5 7. Qd3 d6 8.
Nc3 O-O 9. Bxc6 bxc6 10. Qc4+ Kh8 11. Na4 Bb6 12. Qxc6 Rb8 13. Qc4 Bb7 14. Nxb6
axb6 15. Bg5 Qc8 16. Bxf6 Ba6 17. Bxg7+ Kxg7 18. Qc3 Bxf1 19. Rxf1 Kh8 20. Nd2
Rf7 21. a4 Qg4 22. f3 Qg5 23. Nc4 Rbf8 24. Qd3 Rf6 25. Qe2 Qg8 26. b3 Qe6 27.
Ne3 Qd7 28. Rd1 c6 29. c4 Qa7 30. Kh1 Qa5 31. Qd2 Qxd2 32. Rxd2 Rd8 33. Kg1 Kg8
34. Kf2 Kf7 35. g4 Ke6 36. Kg3 Rf7 37. h4 Rb8 38. Rd3 b5 39. Nf5 Rd7 40. cxb5
cxb5 41. Rd5 bxa4 42. bxa4 Rb4 43. a5 Rc4 44. Rb5 Rc5 45. Rb8 Rxa5 46. Re8+ Kf7
47. Rh8 Ke6 48. Re8+ Kf7 1/2-1/2

[Event "SV Castrop-Rauxel 1 - DJK Aufwärts Aach"]
[Site "Oberliga NRW 2010/2011"]
[Date "2010.09.26"]
[Round "1.1"]
[White "Drenchev, Petar Nikolov"]
[Black "Topolewski, Dirk"]
[Result "1-0"]
[WhiteElo "2479"]
[BlackElo "2166"]
[Annotator ",Daniel"]
[PlyCount "79"]
[EventDate "2010.??.??"]

1. c4 e5 2. g3 h5 3. Bg2 h4 4. Nc3 Nf6 5. e3 Nc6 6. d4 d6 7. b4 Be7 8. b5 Nb8
9. Bb2 Nbd7 10. Nf3 h3 11. Bf1 exd4 12. exd4 Nb6 13. Nd2 Bg4 14. Be2 Qd7 15. a4
d5 16. c5 Nc4 17. Nxc4 dxc4 18. O-O Rd8 19. Bxg4 Qxg4 20. Qxg4 Nxg4 21. Ne2 Kf8
22. Rac1 Nf6 23. Rxc4 Nd5 24. Bc1 g5 25. f3 f5 26. Kf2 Bf6 27. c6 b6 28. Bb2
Kf7 29. Nc3 Nxc3 30. Bxc3 Ke6 31. Ke2 Kd5 $11 32. Kd3 Rhe8 33. Rb4 Re7 34. Re1
Rde8 35. Rxe7 Rxe7 36. Bd2 Rh7 37. a5 bxa5 38. Ra4 Kd6 39. Rxa5 Re7 40. Bb4+
1-0

[Event "SV Castrop-Rauxel 1 - DJK Aufwärts Aach"]
[Site "Oberliga NRW 2010/2011"]
[Date "2010.09.26"]
[Round "1.2"]
[White "Racherbaeumer, Marcel"]
[Black "Roeder, Matthias"]
[Result "0-1"]
[WhiteElo "2246"]
[BlackElo "2396"]
[PlyCount "51"]
[EventDate "2010.??.??"]

1. e4 c5 2. Nf3 d6 3. d4 cxd4 4. Nxd4 Nf6 5. Nc3 a6 6. a4 Nc6 7. Be2 e5 8. Nb3
Be7 9. Be3 Be6 10. Nd5 Bxd5 11. exd5 Nb4 12. c4 a5 13. Nd2 Nd7 14. Qb1 O-O 15.
h4 f5 16. Nf3 h6 17. g4 f4 18. Bd2 Nc5 19. Bxb4 axb4 20. Bd3 e4 21. Bxe4 Bf6
22. Bh7+ Kh8 23. g5 Qe8+ 24. Kf1 Qh5 25. Nh2 Bd4 26. gxh6 0-1

[Event "SV Castrop-Rauxel 1 - DJK Aufwärts Aach"]
[Site "Oberliga NRW 2010/2011"]
[Date "2010.09.26"]
[Round "1.3"]
[White "Braun, Christian"]
[Black "Fahnenschmidt, Willi"]
[Result "1-0"]
[WhiteElo "2364"]
[BlackElo "2230"]
[PlyCount "67"]
[EventDate "2010.??.??"]

1. e4 c5 2. Nf3 Nc6 3. d3 g6 4. g3 Bg7 5. Bg2 e6 6. O-O Nge7 7. Re1 d5 8. e5 h6
9. h4 O-O 10. Bf4 Nf5 11. c3 b6 12. Nbd2 Ba6 13. Nf1 Kh7 14. N1h2 Rc8 15. Ng4
Qe7 16. Qd2 Bb7 17. Kh2 Rh8 18. Kh3 g5 19. hxg5 hxg5 20. Bxg5 Kg6+ 21. Nh4+
Nxh4 22. gxh4 Rxh4+ 23. Kxh4 Rh8+ 24. Kg3 Qxg5 25. Qxg5+ Kxg5 26. Rh1 Rg8 27.
f4+ Kg6 28. Rag1 Ne7 29. Bf3 Rh8 30. Rxh8 Bxh8 31. Kf2 f5 32. Nf6+ Kh6 33. Rh1+
Kg7 34. Rh7+ 1-0

[Event "SV Castrop-Rauxel 1 - DJK Aufwärts Aach"]
[Site "Oberliga NRW 2010/2011"]
[Date "2010.09.26"]
[Round "1.4"]
[White "Kartsev, Soel"]
[Black "Buscher, Michael"]
[Result "0-1"]
[WhiteElo "2103"]
[BlackElo "2384"]
[PlyCount "102"]
[EventDate "2010.??.??"]

1. e4 c5 2. c3 Nf6 3. e5 Nd5 4. d4 cxd4 5. cxd4 e6 6. Nf3 d6 7. Bc4 Nb6 8. Bd3
N8d7 9. O-O dxe5 10. dxe5 Nc5 11. Bb5+ Bd7 12. Bg5 Qc7 13. Nc3 a6 14. Be2 Bc6
15. Rc1 Ncd7 16. Qd4 h6 17. Bh4 Bc5 18. Qg4 g5 19. Bg3 O-O-O 20. Ne4 h5 21.
Nd6+ Qxd6 22. exd6 hxg4 23. Nxg5 Rdf8 24. Bxg4 Bd4 25. b4 Bf6 26. Ne4 Bd8 27.
Bf3 Kb8 28. Rxc6 bxc6 29. Nc5 Nxc5 30. bxc5 Nd5 31. Bxd5 exd5 32. d7+ Ka7 33.
Bd6 Bf6 34. Bxf8 Rxf8 35. Rb1 Rb8 36. Re1 Kb7 37. g4 Kc7 38. Re8 Rb4 39. Rf8
Rxg4+ 40. Kf1 Kxd7 41. Rxf7+ Be7 42. Ke2 Ra4 43. Kf3 Rxa2 44. h4 Ra4 45. h5 Rh4
46. Rh7 a5 47. h6 a4 48. Rh8 a3 49. Kg3 Ra4 50. h7 a2 51. Rb8 Bf6 0-1

[Event "SV Castrop-Rauxel 1 - DJK Aufwärts Aach"]
[Site "Oberliga NRW 2010/2011"]
[Date "2010.09.26"]
[Round "1.5"]
[White "Skulener, Wladimir"]
[Black "Fischer, Thomas"]
[Result "1-0"]
[WhiteElo "2285"]
[BlackElo "2135"]
[PlyCount "43"]
[EventDate "2010.??.??"]

1. d4 d5 2. Nf3 e6 3. c4 c6 4. Qc2 f5 5. Bf4 Nf6 6. e3 Be7 7. h3 Ne4 8. Nc3 Qa5
9. Bd3 Nd7 10. O-O O-O 11. Ne5 Nxe5 12. Bxe5 Nxc3 13. bxc3 dxc4 14. Bxc4 b5 15.
Bb3 c5 16. dxc5 Bxc5 17. Qe2 Qb6 18. Qf3 Bb7 19. Qg3 Rf7 20. Rfd1 a5 21. Bd6
Re8 22. Qe5 1-0